000 00507nam a2200241Ia 4500
001 072618
003 YMCAF
005 20230512160809.0
008 100717s1997 ||||||||||||||||| ||und|d
020 _a-
024 _a72618
035 _a12081
040 _aYMCAF
_beng
_cIN-KoLT
041 _aeng
082 _a621.381
_b33 MIL
100 _aMILLMAN, HALKIUS
245 0 _aELETRONICS DEVICES AND CIRCUITS
250 _a-
260 _bTMH
_c1997
653 _a-
653 _a-
942 _2ddc
_cBK
999 _c6534
_d6534